|
|
|
|
| LEADER |
01045nam a22002772a 4500 |
| 001 |
000826143 |
| 003 |
CZ BrMZK |
| 005 |
20210929091532.0 |
| 007 |
ta |
| 008 |
060918s1988 xr er|||||||||||cze d |
| 015 |
|
|
|a cnb000046997
|
| 040 |
|
|
|a BOA001
|b cze
|
| 080 |
9 |
|
|a 627.15.004.62
|
| 100 |
1 |
|
|a Marhoun, Karel
|4 aut
|
| 245 |
1 |
0 |
|a Odolnost koryt vodních toků :
|b pomůcka pro výpočty : resortní úkol R4 zlepšování životního prostředí /
|c Karel Marhoun
|
| 260 |
|
|
|a Brno :
|b Hydroprojekt,
|c 1988
|
| 300 |
|
|
|a 61 s.
|
| 490 |
1 |
|
|a Technický rozvoj vodního hospodářství ČSR. Vývoj ;
|v 12
|
| 504 |
|
|
|a Obsahuje bibliografii
|
| 830 |
|
0 |
|a Technický rozvoj vodního hospodářství ČSR.
|p Vývoj
|
| 910 |
|
|
|a BOA001
|b 2-0937.796
|
| 964 |
|
|
|a Toky vodní - koryta - odolnost - výpočty
|
| 990 |
|
|
|a BK
|
| 991 |
|
|
|b 200609
|
| 996 |
6 |
|
|b 2619337404
|c 2-0937.796
|l MZK
|r Sklad / do 1 hodiny
|n 0
|w 000826143
|u 000010
|a 1
|e BOA001
|j MZK50
|s P
|
| 996 |
7 |
|
|b 2619337405
|c 2-0937.796
|l MZK
|r Sklad / do 1 hodiny
|n 1
|w 000826143
|u 000020
|a 1
|e BOA001
|j MZK50
|s A
|